Statistics for Voltron Franchise

Click here to take the quiz!

General Stats

  • This quiz has been taken 9 times
  • The average score is 3 of 14

Answer Stats

TypeYearNameInfo% Correct
TV Show1984-1985VoltronSyndication
67%
Comic Series2002-2005VoltronDevil's Due Publishing
67%
Comic Series2011-2013VoltronDynamite Entertainment
67%
Web Series2016-2018Voltron: Legendary DefenderNetflix
67%
TV Show1981-1982Beast King GoLionTokyo Channel 12
17%
Video Game2011Voltron: Defender of the UniverseTHQ
17%
TV Show2011-2012Voltron ForceNicktoons / Teletoon
17%
TV Show1998-2000Voltron: The Third DimensionSyndication
17%
TV Show1982-1983Armored Fleet Dairugger XVTV Tokyo
0%
Comic Mini-Series2007Voltron: Defenders of the Universe - PARADISE LOSTDevil's Due Publishing
0%
Comic Mini-Series2007Voltron: Defenders of the Universe - REVELATIONSDevil's Due Publishing
0%
TV Special1985Voltron: Fleet of DoomSyndication
0%
Comic Mini-Series2015-2016Voltron: From the AshesDynamite Entertainment
0%
Comic Mini-Series2012Voltron: Year OneDynamite Entertainment
0%

Score Distribution

Percentile by Number Answered

Percent of People with Each Score

Your Score History

You have not taken this quiz